| 000 | 01438nac a2200373 i 4500 | ||
|---|---|---|---|
| 003 | EG-ScBUE | ||
| 005 | 20250616135220.0 | ||
| 008 | 090525s2006 enka f b 001 0 eng d | ||
| 020 | _a0521850436 | ||
| 020 | _a9780521850438 | ||
| 035 | _a(OCoLC)ocm61500018 | ||
| 040 |
_aEG-ScBUE _beng _erda _cEG-ScBUE _dEG-ScBUE |
||
| 082 | 0 | 4 |
_a536.7 _bTUR _222 |
| 100 | 1 |
_aTurns, Stephen R., _eauthor. _95205 |
|
| 245 | 1 | 0 |
_aThermal-fluid sciences : _bAn integrated approach / _cStephen R. Turns, The Pennsylvania State University. |
| 264 | 1 |
_aCambridge ; _aNew York : _bCambridge University Press, _c2006. |
|
| 300 |
_axl, 1176 pages : _billustrations (chiefly color) ; _c29 cm + _e1 CD |
||
| 336 |
_2rdacontent _atext _btxt |
||
| 336 |
_2rdacontent _asounds _bsnd |
||
| 337 |
_aunmediated _2rdamedia _bn |
||
| 337 |
_ardamedia _2audio _bs |
||
| 338 |
_avolume _bnc _2rdacarrier |
||
| 338 |
_acomputer disc _bcd _2rdacarrier |
||
| 504 | _aIncludes bibliographical references and index. | ||
| 590 | _acatalogued by : Mostafa El-Helaly | ||
| 650 | 7 |
_aThermodynamics. _95206 _2BUEsh |
|
| 650 | 7 |
_aHeat _xTransmission. _95208 _2BUEsh |
|
| 650 | 7 |
_95207 _aGas flow _2BUEsh |
|
| 651 | _2BUEsh | ||
| 655 | _vReading book | ||
| 856 | 4 | 1 |
_3Table of contents only _uhttp://www.loc.gov/catdir/toc/ecip0519/2005026545.html |
| 856 | 4 | 1 |
_3Publisher description _uhttp://www.loc.gov/catdir/enhancements/fy0642/2005026545-d.html |
| 942 |
_cNB _2ddc |
||
| 999 |
_c2470 _d2470 |
||